00370nam a2200145Ia 45000030006000000080041000060400015000471000014000622450071000762500006001472600036001533000006001895460012001950050017002070STCL150530s9999 xx 000 0 und d aSTCLcSTCL aLim, Y.K. aProblems and Solutions on Thermodynamics and Statistical Mechanics a1 bSarat Book House; Kolkatac2001 a0 aEnglish20220125170135.0